000 00496nam a2200169 i 4500
001 134131
003 ES-MaACL
005 20230906194615.0
007 t|
008 070905s1968 sp ||||1| spa d
100 1 _aWykes, Alan.
_9117465
245 1 3 _aEl juego /
_cAlan Wykes ; versión de María del Carmen Azpiazu.
260 _aBarcelona :
_bCaralt,
_c[1968]
300 _a351 p. :
_bil. ;
_c25 cm.
700 1 _aAzpiazu, María del Carmen.
_924352
852 _aES-MaACL
_jC-37565
_bR.72915
999 _c134131
_d134131